No sótão (Registo nº 4208)

Detalhes MARC
000 -Etiqueta do registo
Cabeçalho 00795nam0a2200277 4500
005 - Identificador da versão
Campo de controlo 20240813122055.0
095 ## -
-- PTBN00806974
010 ## - Número internacional normalizado dos livros (ISBN)
Número (ISBN) 9722109936
021 ## - Número do Depósito Legal
Código do país PT
Número 86905/95
100 ## - Dados gerais de processamento
Dados gerais de processamento 20170303d1995 a y0pory5003 ba
102 ## - Pais de publicação ou produção
País de publicação Portugal
101 1# - Língua de publicação
Língua do texto, banda sonora, etc. Português
Língua do documento no original Inglês
215 ## - Descrição física 
Indicação específica da natureza do documento e extensão da espécie [27] p.
Outras indicações físicas todo il. color
200 1# - Titulo e menção de responsabilidade
Título próprio No sótão
Primeira menção de responsabilidade Hiawyn Oram
Outras menções de responsabilidade il. Satoshi Kitamura
-- trad. José Luís Luna
210 ## - Publicação, Distribuição, etc. 
Lugar da edição, distribuição, etc. Lisboa
Nome do editor, distribuidor, etc. Caminho
Data da publicação, distribuição, etc. 1995
300 ## - Notas gerais 
Texto da nota PNL
606 ## - Nome comum usado como assunto
Número de registo de entrada de autoridade 0001722
Palavra de ordem Literatura sul-africana
Subdivisão de assunto Conto
Código do sistema CA
675 ## - Classificação Decimal Universal (CDU)
Notação 821.111(680)-34
Edição 3ª ed.
Língua da edição por
702 #1 - Nome de autor-pessoa física (responsabilidade secundária)
Número de registo de entrada de autoridade 0000838
Palavra de ordem Kitamura
Outra parte do nome não tomada para palavra de ordem Satoshi
Código de função Ilustrador / Técnico de desenho computorizado
Número de registo de entrada de autoridade 0000866
Palavra de ordem Luna
Outra parte do nome não tomada para palavra de ordem José Luís
Código de função Tradutor
700 #1 - Nome de autor-pessoa física (responsabilidade principal)
Número de registo de entrada de autoridade 0000865
Palavra de ordem Oram
Outra parte do nome não tomada para palavra de ordem Hiawyn
966 ## - Identificação da Biblioteca
Sigla EBVEN
942 ## - Elementos de entrada adicionados (Koha)
Tipo de item no Koha Livro
Exemplares
Situação do levantamento Origin of item (home branch) (coded) Biblioteca de empréstimo Código de barras Cota Circulation type (not for loan) Tipo de documento Nota do exemplar Damaged status
  Biblioteca Escolar das Vendas Biblioteca Escolar das Vendas BEV122 8EST ORA PNL   Livro Sem mensagem